000
00489nam a2200157Ia 4500
008
090124s9999 xx 000 0 und d
082
_b
107940
245
_a
मराठी साहित्य दर्शन
250
_a
1
260
_c
1960
300
_a
120
630
_a
मराठी साहित्य दर्शन
700
_a
डांगे चंद्रकुमार
730
_a
मराठी साहित्य दर्शन
942
_c
BOOK
999
_c
154031
_d
154031